banner-ar

الاسس النفسية العصبية للوظائف التنفيذية : (Record no. 60150)

MARC details
000 -الفاتح
حقل البيانات ثابتة الطول 01062nam a2200265 4500
005 - وقت وتاريخ اخر تعامل مع التسجيلة
رقم الضبط 20240530110355.0
008 - عناصر البيانات ثابتة الطول - معلومات عامة
حقل البيانات ثابتة الطول 150106s2007 ua d g |||| 000 0 ara d
017 ## - رقم الايداع القانونى
رقم الايداع القانونى 2475
المصدر ( الهيئة المختصة) مصر . دار الكتب المصرية
020 ## - الرقم الدولى المعيارى للكتب
الرقم الدولى المعيارى للكتاب 977383073x
040 ## - مصدر الفهرسة
وكالة الفهرسة الأصلية EG-CaGPL
041 0# - رمز اللغة
رمز لغة النص/ المسارات الصوتية أو العنوان الانفرادي ara
082 04 - رقم تصنيف ديوى العشرى
رقم الطبعة 21
رقم التصنيف 157.9\
رقم المادة ن أ
100 0# - المدخل الرئيسى - إسم شخصى
الإسم الشخصى نشوة عبدالتواب حسين
245 12 - بيان العنوان
العنوان الاسس النفسية العصبية للوظائف التنفيذية :
بقية العنوان تطبيقات على بعض الاضطرابات عند كبار السن /
بيان المسئوليه,etc نشوة عبدالتواب حسين
250 ## - بيان الطبعة
بيان الطبعة ط1
260 ## - PUBLICATION, DISTRIBUTION, ETC. (IMPRINT)
تاريخ النشر أو التوزيع 2007
300 ## - الوصف المادى
التعداد 243 ص ؛
أبعاد الوعاء 24 سم
490 0# - بيان السلسلة
عنوان السلسلة سلسلة علم النفس الاكلينيكى المعاصر
504 ## - تبصرة ببليوجرافية
تبصرة ببليوجرافية,الخ ببليوجرافية : ص 224 - 236
650 04 - المدخل الاضافى بالموضوع-مصطلح موضوعى
مصطلح موضوعي الوظائف التنفيذية
650 04 - المدخل الاضافى بالموضوع-مصطلح موضوعى
مصطلح موضوعي المسنون
التقسيم الفرعي العام وظائف
650 04 - المدخل الاضافى بالموضوع-مصطلح موضوعى
مصطلح موضوعي البلاهة
التقسيم الفرعي العام المسنون
942 ## - عناصر المدخل الإضافي( كوها)
مصدر التصنيف او مخطط الترفيف Dewey Decimal Classification
Koha [default] item type كتاب
260 ## - PUBLICATION, DISTRIBUTION, ETC. (IMPRINT)
-- القاهرة :
-- ايتراك للنشر والتوزيع ،
Holdings
حالة التراجع حالة الفقد حالة تلف ليس للاعارة المكان المؤقت الموقع الحالى تاريخ الاكتساب اجمالي اﻻعارات رقم الطلب الباركود تاريخ اخر مشاهدة تاريخ تفعيل السعر نوع وعاء كوها
        مكتبة القاهرة الكبرى مكتبة القاهرة الكبرى 01/06/2015   157.9\ ن أ 159146 01/06/2015 01/06/2015 كتاب

Powered By

EGPV